| 000 | 00382nam a2200157Ia 4500 | ||
|---|---|---|---|
| 008 | 230917s9999||||xx |||||||||||||| ||und|| | ||
| 020 | _cRS40 | ||
| 040 |
_e1036 _aMAIN |
||
| 041 | _aEnglish | ||
| 082 | _a585 C355G | ||
| 100 | _aChamberlain, Charles Joseph | ||
| 245 | 0 | _aGymnosperms: structure and evolution | |
| 260 |
_aDelhi _bCBS _c1986 |
||
| 300 | _axi, 484 p. | ||
| 942 | _cBK | ||
| 999 |
_c49084 _d49084 |
||